01482nam a2200193 a 450000500170000000800410001704000120005804100080007010000220007824504350010026000600053530000100059552005720060565000180117765000290119565000150122465000200123970000290125920180803165350.0140128b2004 ck ||||| |||| 00| 0 spa d cCO-BoIH aspa aCristancho, Edwin aEvaluación en términos económicos, institucionales y financieros de los incentivos económicos directos e indirectos existentes para apoyar la competitividad del subsector de las plantaciones forestales comerciales y su industria derivada; y examen de los casos de transacción en que incurre el sector privado para cumplir con la normatividad regulatoria relacionada con las prácticas de manejo forestal de plantaciones aBogotábInstituto Alexander von HumboldtbCONIFc2004 a48 p. aCuenta de la evaluación en términos económicos, institucionales y financieros de los incentivos económicos directos e indirectos existentes para apoyar la competitividad del subsector de las plantaciones forestales comerciales y su industria derivada, desde su abordaje metodológico y marco conceptual, instrumentos económicos, diagnósticos del sector forestal, evaluación económica, financiera e institucional de incentivos directos e indirectos para el subsector de las plantaciones forestales comerciales y su industria derivada y recomendaciones aDiagnóstico aEvaluación económica aIncentivos aSector forestal aRodríguez, Jean Carlos